000 00840nam a2200229Ia 4500
003 GCL
008 140319s9999 xx 000 0 ara d
040 _aGCL /
_cGCL
082 0 4 _a622.42
_bأ أ
100 1 _aابراهيم محمد عثمان القرضاوى
245 1 0 _aاجهزة تكييف الهواء : المنازل ووسائل الانتقال /
_cابراهيم محمد عثمان القرضاوى
260 _aالقاهرة :
_bالهيئة المصرية العامة للكتاب ،
_c1988
300 _a274 ص ؛
_c24 سم
490 _aالالف كتاب
_v64
650 0 4 _aالهندسة الالكترونية
650 0 4 _aالتكنولوجيا
650 0 4 _aالمبانى
650 0 4 _aتكييف الهواء
650 0 4 _aالتدفئة
650 0 4 _aمكتبات الهواء
942 _2ddc
_cBK
999 _c30183
_d30183